Statistics for 1992 Olympic Basketball Dream Team

Click here to take the quiz!

General Stats

  • This quiz has been taken 110,395 times
  • The average score is 8 of 13

Answer Stats

PositionPlayer% Correct
GMichael Jordan
99%
GMagic Johnson
88%
FLarry Bird
85%
FScottie Pippen
74%
GJohn Stockton
71%
FCharles Barkley
71%
FKarl Malone
68%
CPatrick Ewing
63%
CDavid Robinson
62%
GClyde Drexler
51%
FChris Mullin
45%
FChristian Laettner
45%
CoachChuck Daly
30%

Score Distribution

Percentile by Number Answered

Percent of People with Each Score

Your Score History

You have not taken this quiz